[Event "22nd Hampstead: Under 2200"]
[Site "London, England"]
[Date "2014.10.25"]
[Round "3"]
[White "Vir, Prashast"]
[Black "Desai, Nilomi"]
[Result "1-0"]
[WhiteElo "1740"]
[BlackElo "1405"]

1. e4 c6 2. d4 d5 3. Nc3 dxe4 4. Nxe4 Bf5 5. Ng3 Bg6 6. Nf3 Nd7 7. h4 h6 8. h5
Bh7 9. Bd3 Bxd3 10. Qxd3 Ngf6 11. c3 e6 12. Bd2 Qb6 13. O-O-O Bd6 14. Ne4 Nxe4
15. Qxe4 O-O-O 16. Ne5 Nxe5 17. dxe5 Bc5 18. f4 Rhe8 19. g4 Be7 20. Kb1 f6 21.
Be3 Qc7 22. exf6 Bxf6 23. g5 hxg5 24. fxg5 Qe5 25. Qxe5 Bxe5 26. Bxa7 Kc7 27.
Be3 Rh8 28. Rde1 Bd6 29. Bd4 e5 30. Bxe5 Bxe5 31. Rxe5 Kd6 32. Re3 Rdf8 33.
Rg3 Rf5 34. h6 gxh6 35. gxh6 Rf7 36. Kc2 Rfh7 37. Rgh3 Ke6 38. Kb3 Kf6 39. Kb4
Kg6 40. Kc5 Ra8 41. a3 Ra5+ 42. Kc4 Kf6 43. Rh5 Rxh5 44. Rxh5 Kg6 45. Rh2 Kf6
46. Kc5 Ke6 47. Kb6 Kd6 48. Rh5 Ke6 49. a4 Kf6 50. a5 Kg6 51. Rh2 Kf5 52. a6
bxa6 53. Kxc6 Kg6 54. Kb6 Rxh6 55. Rxh6+ Kxh6 56. Kxa6 Kg6 57. b4 Kf5 58. b5
Ke5 59. b6 Kd6 60. Ka7 Kc5 61. b7 Kc4 62. b8=Q Kxc3 63. Qd6 Kc4 64. Qe5 Kd3
65. Qf4 Kc2 66. Qe3 Kb2 67. Qd3 Kc1 68. Qe2 Kb1 69. Kb6 Kc1 70. Kc5 Kb1 71.
Kb4 Kc1 72. Kc3 Kb1 73. Qb2# 1-0

[Event "22nd Hampstead: Under 2200"]
[Site "London, England"]
[Date "2014.10.25"]
[Round "3"]
[White "Winter, Malcolm J"]
[Black "Nayak, Raghav"]
[Result "0-1"]
[WhiteElo "1548"]
[BlackElo "1690"]

1. d4 Nf6 2. Nf3 g6 3. e3 Bg7 4. Be2 O-O 5. O-O d6 6. Nbd2 Nbd7 7. c4 e5 8.
Qc2 Qe7 9. dxe5 dxe5 10. e4 Rd8 11. Rd1 b6 12. a3 a5 13. Nf1 Bb7 14. Ng3 Nc5
15. Bg5 Ne6 16. Bxf6 Bxf6 17. Nf1 Nf4 18. Rxd8+ Rxd8 19. g3 Nh3+ 20. Kg2 Ng5
21. Nxg5 Bxg5 22. Rd1 f5 23. Rxd8+ Qxd8 24. f3 fxe4 25. fxe4 Qd4 26. Bf3 Be7
27. Qd2 Bxe4 28. Bxe4 Qxe4+ 29. Kh3 Qf5+ 30. Kg2 Qe4+ 31. Kh3 Qxc4 32. Ne3
Qe6+ 33. Kg2 Bg5 34. h4 Qc6+ 35. Qd5+ Qxd5+ 36. Nxd5 Bc1 37. Nxc7 Bxb2 38. Nb5
Kf7 39. Kf3 Ke6 40. Ke4 Bd4 41. g4 Bf2 42. h5 gxh5 43. gxh5 Kf6 44. a4 Kg5 45.
Kxe5 Kxh5 46. Kf5 Kh4 47. Nd6 Kg3 48. Ne4+ Kg2 49. Nf6 h6 50. Kg4 Kf1 51. Kf3
Bd4 52. Ke4 {#R} 0-1

[Event "22nd Hampstead: Under 2200"]
[Site "London, England"]
[Date "2014.10.25"]
[Round "3"]
[White "Hung, Jake"]
[Black "Hsu, Avril Chloe"]
[Result "1-0"]
[WhiteElo "1683"]
[BlackElo "955"]

1. c4 e5 2. g3 Nc6 3. Bg2 Bc5 4. Nc3 Nf6 5. e3 d6 6. Nge2 Be6 7. d4 exd4 8.
exd4 Nxd4 9. Nxd4 Bxd4 10. Qxd4 c5 11. Qd1 O-O 12. O-O Bg4 13. Qd3 Re8 14. Bf4
Qa5 15. Qxd6 Re6 16. Qc7 b6 17. Bxa8 Qa6 18. Rfe1 Qxc4 19. Qd8+ Ne8 20. Qxe8+
Rxe8 21. Rxe8# 1-0

[Event "22nd Hampstead: Under 2200"]
[Site "London, England"]
[Date "2014.10.25"]
[Round "3"]
[White "Mospan, Edward"]
[Black "Willmoth, Harrison"]
[Result "0-1"]
[WhiteElo "1268"]
[BlackElo "1570"]

1. f4 d5 2. e3 Nf6 3. Nf3 Bg4 4. b3 e6 5. Bb2 Be7 6. Be2 c5 7. d3 Nc6 8. O-O
O-O 9. Nbd2 Bxf3 10. Bxf3 Nd7 11. Qe2 Nb6 12. a3 Bf6 13. Bxf6 Qxf6 14. e4 d4
15. Bg4 Qe7 16. Nf3 f6 17. Qf2 e5 18. f5 Nd8 19. Qh4 Nf7 20. Qh3 Nd7 21. Nh4
Ng5 22. Qg3 b5 23. Nf3 Nf7 24. Bh5 a6 25. Nh4 Rfc8 26. Rf3 Ng5 27. Rff1 Rab8
28. Nf3 Nf7 29. h4 Nd6 30. Nh2 c4 31. b4 cxd3 32. cxd3 Rc3 33. Ng4 Nxe4 34.
Qe1 Nd6 35. Qg3 Rbc8 36. Qe1 Rxd3 37. Nf2 Rdc3 38. Ne4 Nxe4 39. Qxe4 Nb6 40.
Be2 Re3 41. Qg4 Rcc3 42. Bf3 e4 43. Bd1 Rg3 44. Qf4 Qe5 45. Qd2 Nc4 46. Qe2
Rxa3 47. Rxa3 Rxa3 48. h5 h6 49. Qf2 e3 50. Qf3 Qd6 51. Qa8+ Kh7 52. Qe8 Qg3
53. Rf3 Qg5 54. Kh2 e2 55. Bxe2 Rxf3 56. Bxf3 Qf4+ 57. Kh1 Qe5 58. Qd8 Nd6 59.
Qd7 d3 60. Qc6 d2 61. Bd1 Qe1+ 62. Kh2 Qxd1 63. Kg3 Qe1+ {#R} 0-1

[Event "22nd Hampstead: Under 2200"]
[Site "London, England"]
[Date "2014.10.25"]
[Round "3"]
[White "Gladstone, Joel"]
[Black "Covey, Jason"]
[Result "1-0"]
[WhiteElo "1615"]
[BlackElo "1547"]

1. d4 e6 2. e4 d5 3. exd5 exd5 4. Qe2+ Be6 5. Nc3 Nc6 6. Nf3 Bb4 7. Bd2 Qf6 8.
Nxd5 Bxd2+ 9. Kxd2 Qh6+ 10. Ke1 O-O-O 11. c4 Bxd5 12. cxd5 Rxd5 13. Qe8+ Rd8
14. Qxf7 Nxd4 15. Nxd4 Rxd4 16. Qf5+ Rd7 17. Rd1 Nf6 18. f4 Rhd8 19. Bc4 Kb8
20. Rxd7 Nxd7 21. Kf2 Qb6+ 22. Kg3 Qxb2 23. Rd1 Qc3+ 24. Rd3 Qxc4 25. Rxd7
Qc3+ 26. Kg4 Rxd7 27. Qf8+ {#r} 1-0

[Event "22nd Hampstead: Under 2200"]
[Site "London, England"]
[Date "2014.10.25"]
[Round "3"]
[White "Vanguelova, Ralitza"]
[Black "Rajesh, Gorak"]
[Result "0-1"]
[WhiteElo "1270"]
[BlackElo "1529"]

1. e4 e5 2. Nf3 Nc6 3. Bb5 a6 4. Ba4 Nf6 5. O-O b5 6. Bb3 Be7 7. c4 bxc4 8.
Bxc4 O-O 9. d4 exd4 10. e5 Ne8 11. Nxd4 Nxe5 12. Bb3 Bd6 13. Nc3 Qh4 14. Nf5
Nf3+ 15. Qxf3 Qxh2# 0-1

[Event "22nd Hampstead: Under 2200"]
[Site "London, England"]
[Date "2014.10.25"]
[Round "3"]
[White "Potel, Zachary"]
[Black "Gelain-Sohn, Emmanuelle"]
[Result "0-1"]
[WhiteElo "1412"]
[BlackElo "1285"]

1. e4 c5 2. Nf3 Nc6 3. d4 cxd4 4. Nxd4 Nxd4 5. Qxd4 d6 6. Nc3 Nf6 7. Bb5+ Bd7
8. Bxd7+ Qxd7 9. O-O g6 10. Be3 e5 11. Qd2 Bg7 12. Bh6 O-O 13. h3 Rfd8 14.
Bxg7 Kxg7 15. Rad1 a5 16. Rfe1 b5 17. Nd5 Nxd5 18. Qxd5 b4 19. Rd2 Ra6 20. Qd3
Qc6 21. Red1 a4 22. Qd5 Qxd5 23. Rxd5 Rc6 24. R1d2 Rdc8 25. c3 bxc3 26. bxc3
Ra6 27. Rc2 Rac6 28. Rd3 Rc4 29. f3 Rd4 30. Rcd2 Rxc3 31. Rxd4 exd4 32. Rxd4
Ra3 33. Rd2 Kh6 34. Kf2 Kg5 35. Ke1 f5 36. exf5 Kxf5 37. Kd1 Kf4 38. Ke2 Kg3
39. Kf1 g5 40. Kg1 h5 41. Kf1 g4 42. Rf2 gxf3 43. gxf3 Rxf3 44. Rxf3+ Kxf3 45.
Kg1 Kg3 46. Kh1 Kxh3 47. Kg1 Kg3 48. Kh1 Kf3 49. Kh2 Ke3 50. Kh3 d5 51. Kh4 d4
52. Kxh5 d3 53. Kg4 d2 54. Kf5 d1=Q 55. Ke5 Qd4+ 56. Ke6 Ke4 57. Ke7 Ke5 58.
a3 Qd6+ 59. Ke8 Qc7 60. Kf8 Kf6 61. Kg8 Qg7# 0-1

[Event "22nd Hampstead: Under 2200"]
[Site "London, England"]
[Date "2014.10.26"]
[Round "4"]
[White "Willmoth, Robert"]
[Black "Rogers, Tim L"]
[Result "1/2-1/2"]
[WhiteElo "2176"]
[BlackElo "2035"]

1. c4 e5 2. g3 Nf6 3. Bg2 c6 4. d4 Bb4+ 5. Bd2 Bxd2+ 6. Qxd2 exd4 7. Qxd4 d5
8. cxd5 Nxd5 9. Qxg7 Qf6 10. Qxf6 Nxf6 11. Nc3 Be6 12. Nf3 Nbd7 13. Nd4 Nc5
14. Nxe6 Nxe6 15. O-O O-O-O 16. Rfd1 Rxd1+ 17. Rxd1 h5 18. h4 Ng4 19. Ne4 Kc7
20. e3 a5 21. Kf1 f5 22. Nc3 Nc5 23. Ke2 Re8 24. Bf3 Nf6 25. Bg2 Nce4 26. Nxe4
fxe4 27. f3 exf3+ 28. Bxf3 c5 29. Kf2 b5 30. a3 Re5 31. Re1 c4 32. e4 b4 33.
axb4 axb4 34. Ke3 Rc5 35. Kd4 Nd7 36. e5 c3 37. bxc3 Rxc3 38. Re3 Nxe5 39.
Rxc3+ bxc3 40. Bd1 Nf3+ 41. Kxc3 Nxh4 42. Bxh5 Kd6 43. Kd3 Ke5 44. Ke2 Nf5 45.
g4 Ng3+ 46. Kf3 Nxh5 {#d} 1/2-1/2

[Event "22nd Hampstead: Under 2200"]
[Site "London, England"]
[Date "2014.10.26"]
[Round "4"]
[White "Villiers, Tom"]
[Black "Bedi, Adam"]
[Result "1-0"]
[WhiteElo "2050"]
[BlackElo "1916"]

1. d4 d5 2. c4 dxc4 3. e3 Nf6 4. Bxc4 e6 5. Nf3 Be7 6. Nc3 a6 7. Ne5 b5 8. Qf3
c6 9. Bd3 Bb7 10. O-O O-O 11. Rd1 Qc7 12. e4 c5 13. Bf4 Bd6 14. Rac1 c4 15.
Bb1 Nbd7 16. Nxd7 Nxd7 17. Bxd6 Qxd6 18. Qh3 h6 19. e5 Qe7 20. f4 Nb6 21. f5
exf5 22. Qxf5 g6 23. Qf4 Kg7 24. d5 Qc5+ 25. Kh1 Nxd5 26. Nxd5 Bxd5 27. Qf6+
Kh7 28. h4 h5 29. Qg5 Be6 30. Qxh5+ Kg7 31. Qg5 Ra7 32. Rd6 Qf2 33. h5 Rh8 34.
Bxg6 Qxb2 35. Qf6+ {#r} 1-0

[Event "22nd Hampstead: Under 2200"]
[Site "London, England"]
[Date "2014.10.26"]
[Round "4"]
[White "Clayton, Tristan"]
[Black "Prior, Stephen CV"]
[Result "0-1"]
[WhiteElo "1836"]
[BlackElo "2028"]

1. b3 e5 2. Bb2 Nc6 3. e3 Nf6 4. Nf3 e4 5. Nd4 Nxd4 6. Bxd4 d5 7. Be2 Bd6 8.
O-O h5 9. f3 exf3 10. Bxf3 Bxh2+ 11. Kh1 Bg3 12. Bxf6 Qxf6 {#R} 0-1

[Event "22nd Hampstead: Under 2200"]
[Site "London, England"]
[Date "2014.10.26"]
[Round "4"]
[White "Jekel, Wolfgang"]
[Black "Hayward, Alan"]
[Result "1-0"]
[WhiteElo "1812"]
[BlackElo "1973"]

1. f4 d5 2. Nf3 g6 3. g3 Bg7 4. Bg2 c6 5. O-O Nh6 6. Nc3 Nf5 7. e4 Qb6+ 8. Kh1
dxe4 9. Nxe4 h5 10. c3 h4 11. g4 h3 12. Bxh3 Rxh3 13. gxf5 Bxf5 14. Neg5 Rh5
15. Qe2 Nd7 16. d4 Qc7 17. b4 Nb6 18. Bd2 Nd5 19. Rae1 e6 20. Ng1 O-O-O 21. a4
Rdh8 22. Rf2 Nf6 23. N1f3 Bh6 24. Rg2 Bxg5 25. Rxg5 Rh3 26. Rg2 Be4 27. Rf1
Nh5 28. Qxe4 Ng3+ 29. Rxg3 Rxg3 30. c4 Qd8 31. Rf2 Rh5 32. b5 cxb5 33. axb5
Qe8 34. f5 gxf5 35. Qe5 Qh8 36. Qxg3 {#r} 1-0

[Event "22nd Hampstead: Under 2200"]
[Site "London, England"]
[Date "2014.10.26"]
[Round "4"]
[White "Chapman, Nigel"]
[Black "Briggs, John Nicholas"]
[Result "0-1"]
[WhiteElo "1769"]
[BlackElo "1955"]

1. e4 c6 2. Nf3 d5 3. exd5 cxd5 4. Ne5 Nf6 5. d4 g6 6. Bd3 Bg7 7. c3 O-O 8.
Nd2 Nc6 9. f4 Bf5 10. Bxf5 gxf5 11. O-O e6 12. Ndf3 Ne4 13. Qe2 f6 14. Nxc6
bxc6 15. Nd2 Qe8 16. Nxe4 fxe4 17. Be3 f5 18. b4 Kh8 19. Qa6 Rg8 20. a4 Bf6
21. Rf2 Rg7 22. Kh1 Rb8 23. a5 Qd7 24. Qf1 Rbg8 25. Raa2 Rg4 26. Rfc2 Qb7 27.
Ra1 Qb5 28. Rd2 Be7 29. Rf2 Bd6 30. a6 Qb8 31. Rb1 Qb5 32. Ra1 R4g6 33. Rfa2
Rb8 34. Ra5 Qb6 35. R5a2 Kg7 36. Rf2 Kf7 37. g3 h5 38. Rg2 Ke7 39. h4 Rbg8 40.
Kh2 Kd7 41. Qf2 Be7 42. Ra2 Qb5 43. Qe2 Rg4 44. Kh3 Qb8 45. Qf2 Qb5 46. Qe2
Kc7 47. Qe1 Qc4 48. Qa1 Kd7 49. Rad2 Bd8 50. Qa2 Qf1 51. Kh2 Bxh4 52. Bf2 Bd8
53. Rg1 Qb5 54. Kh3 h4 55. c4 dxc4 56. d5 exd5 57. Bxa7 Rxg3+ 58. Rxg3 Rxg3+
59. Kh2 c3 60. Rg2 Qd3 61. Bf2 Rh3+ {#R} 0-1

[Event "22nd Hampstead: Under 2200"]
[Site "London, England"]
[Date "2014.10.26"]
[Round "4"]
[White "Grey, Nicholas D"]
[Black "Landau, Jonathan"]
[Result "0-1"]
[WhiteElo "1751"]
[BlackElo "1945"]

1. e4 e5 2. Nf3 Nc6 3. d4 exd4 4. Bc4 Nf6 5. O-O Nxe4 6. Re1 d5 7. Bxd5 Qxd5
8. Nc3 Qc4 9. Rxe4+ Be6 10. Nxd4 O-O-O 11. Be3 Bc5 12. Nxe6 Rxd1+ 13. Rxd1
Qxe4 14. Nxe4 Bxe3 15. Nxc7 Bxf2+ 16. Kxf2 Kxc7 17. Rd3 Rd8 18. Rxd8 Nxd8 19.
Ke3 Kc6 20. Nd2 Kd5 21. c4+ Kc5 22. a3 a5 23. b3 f5 24. g3 Ne6 25. Nf3 a4 26.
bxa4 Kxc4 27. h4 Kb3 28. h5 Kxa4 29. Nh4 f4+ 30. gxf4 Kxa3 31. f5 Nc5 32. Kd4
Kb4 33. Nf3 Nd7 34. Ne1 Nf6 35. Nd3+ Ka3 36. Nc5 b5 37. Ne6 Nxh5 38. Ke5 g6
39. f6 Nxf6 40. Kxf6 b4 41. Kg7 b3 42. Nd4 b2 43. Nc2+ Kb3 {#R} 0-1

[Event "22nd Hampstead: Under 2200"]
[Site "London, England"]
[Date "2014.10.26"]
[Round "4"]
[White "Parry, Jacques"]
[Black "Jacob, Sydney"]
[Result "1-0"]
[WhiteElo "1751"]
[BlackElo "1885"]

1. e4 d5 2. exd5 Nf6 3. d4 Nxd5 4. Nf3 Bg4 5. Be2 e6 6. Ne5 Bxe2 7. Qxe2 c6 8.
Qf3 Qf6 9. Qxf6 Nxf6 10. O-O Nbd7 11. Nd2 c5 12. Ndf3 cxd4 13. Nxd7 Nxd7 14.
Nxd4 Bc5 15. Rd1 O-O-O 16. Bg5 Rde8 17. Nb5 f6 18. Be3 a6 19. Bxc5 axb5 20.
Be3 Kc7 21. Rd3 g5 22. Rad1 Ne5 23. Rc3+ Kb8 24. Bd4 Rd8 25. Bxe5+ fxe5 26.
Rcd3 Rxd3 27. Rxd3 Rc8 28. Rd2 Rc4 29. Kf1 g4 30. Ke1 Ra4 31. a3 Rc4 32. c3
Kc7 33. Rd3 h5 34. f3 gxf3 35. Rxf3 Re4+ 36. Kf2 Kd6 37. Rd3+ Kc6 38. g3 b6
39. Re3 Rg4 40. Rxe5 h4 41. Rxe6+ Kd5 42. Kf3 Rg8 43. Re4 hxg3 44. Rd4+ Kc5
45. hxg3 Rf8+ 46. Ke3 Re8+ 47. Kd2 Rh8 48. Re4 Rh2+ 49. Re2 Rh8 50. Rg2 Kd5
51. g4 Ke4 52. Ke2 Kf4 53. g5 Re8+ 54. Kf2 Rd8 55. g6 Kf5 56. g7 Rg8 57. Ke3
Kf6 58. Kd4 Rd8+ 59. Ke3 Re8+ 60. Kd3 Rd8+ 61. Kc2 Rg8 62. Kb3 Ke7 63. Kb4 Kd7
64. Kxb5 Kc7 65. Rg6 {#r} 1-0

[Event "22nd Hampstead: Under 2200"]
[Site "London, England"]
[Date "2014.10.26"]
[Round "4"]
[White "Ngulube, Michael"]
[Black "Paveliuc, Alin-Dumitru"]
[Result "1/2-1/2"]
[WhiteElo "1660"]
[BlackElo "1878"]

1. d4 Nf6 2. c4 c5 3. d5 e6 4. Nc3 exd5 5. cxd5 d6 6. e4 g6 7. Nf3 Bg7 8. Be2
O-O 9. O-O Bg4 10. h3 Bxf3 11. Bxf3 Na6 12. a3 c4 13. Bg5 Nc5 14. Be2 Re8 15.
f3 Qb6 16. Be3 Qxb2 17. Bxc5 dxc5 18. Na4 Qd4+ 19. Qxd4 cxd4 20. Bxc4 a6 21.
Nb6 Rad8 22. Bd3 Nh5 23. Rac1 Nf4 24. Rfd1 f5 25. exf5 Re3 26. Be4 Ne2+ 27.
Kh1 Ng3+ 28. Kg1 Nxe4 29. Nc4 Nc3 30. Nxe3 Nxd1 31. Nxd1 gxf5 32. Rc5 b6 33.
Rc6 Rxd5 34. Rxb6 Rc5 35. Kf1 Rd5 36. Rb8+ Kf7 37. Rb3 {#d} 1/2-1/2

[Event "22nd Hampstead: Under 2200"]
[Site "London, England"]
[Date "2014.10.26"]
[Round "4"]
[White "Barasi, Paul DI"]
[Black "Pattni, Kishan"]
[Result "0-1"]
[WhiteElo "1865"]
[BlackElo "1696"]

1. d4 e6 2. g4 d5 3. g5 c5 4. Nf3 Nc6 5. e3 Nge7 6. dxc5 Nf5 7. Nc3 Bxc5 8.
Bd3 Nd6 9. Bd2 Nb4 10. Na4 Nxd3+ 11. cxd3 Bb6 12. Nxb6 Qxb6 13. Bc3 O-O 14.
Qd2 a5 15. Bd4 Qb5 16. a4 Qd7 17. Bc5 Ra6 18. h4 b6 19. Ba3 Qxa4 20. O-O Qd7
21. Ne5 Qe7 22. Nc6 Qd7 23. Nb8 Qd8 24. Nxa6 Bxa6 25. Rac1 Re8 26. b3 Nb5 27.
Bb2 e5 28. f4 exf4 29. Rxf4 Qd6 30. Qf2 Qg6 31. Kh2 Bc8 32. Qf3 Qxd3 33. Re1
Be6 34. Re2 Qxb3 35. Rf2 d4 36. Rxf7 Bxf7 {#R} 0-1

[Event "22nd Hampstead: Under 2200"]
[Site "London, England"]
[Date "2014.10.26"]
[Round "4"]
[White "Grundy, Thomas"]
[Black "Xu, David"]
[Result "1-0"]
[WhiteElo "1806"]
[BlackElo "1537"]

1. d4 d5 2. c4 c6 3. e3 Nf6 4. Nc3 e6 5. Nf3 Be7 6. Bd3 dxc4 7. Bxc4 b5 8. Bd3
Nbd7 9. O-O a6 10. e4 c5 11. e5 Nd5 12. Ne4 c4 13. Bb1 Qc7 14. Nfg5 Bb7 15.
Qh5 g6 16. Qf3 Bxg5 17. Nd6+ Kd8 18. Bxg5+ f6 19. Nxb7+ Qxb7 20. exf6 h6 21.
Bf4 g5 22. Be5 Nxe5 23. dxe5 Qf7 24. Rd1 Kc7 25. Be4 Rad8 26. a4 b4 27. Rac1
c3 28. Bxd5 Rxd5 29. bxc3 b3 30. Rb1 Rb8 31. c4 Rxd1+ 32. Qxd1 Qd7 33. Qxd7+
Kxd7 34. Kf1 Kc6 {"22nd Hampstead: Under} {#r} 1-0

[Event "22nd Hampstead: Under 2200"]
[Site "London, England"]
[Date "2014.10.26"]
[Round "4"]
[White "Snook-Lumb, Chris"]
[Black "Bonafont, Philip R"]
[Result "0-1"]
[WhiteElo "1640"]
[BlackElo "2030"]

1. c4 c5 2. g3 Nc6 3. Bg2 g6 4. Nc3 Bg7 5. e4 e6 6. Nge2 Nge7 7. O-O O-O 8. d3
d6 9. Be3 Nd4 10. f4 Nec6 11. g4 f5 12. exf5 gxf5 13. g5 Nxe2+ 14. Qxe2 Nd4
15. Bxd4 Bxd4+ 16. Kh1 a6 17. Qh5 Qe8 18. Qh4 Rb8 19. Rae1 Qg6 20. Nd1 b5 21.
b3 Bd7 22. Bf3 b4 23. Qg3 Kh8 24. Ne3 a5 25. Rg1 Rg8 26. Qh4 Be8 27. Rg3 Qg7
28. Kg2 Bg6 29. Nc2 Rge8 30. Bc6 Re7 31. Nxd4 Qxd4 32. Rge3 e5 33. Qf2 Rc8 34.
Bb5 e4 35. h4 Bh5 36. Kg3 Rf8 37. Bc6 Rc7 38. dxe4 Rxc6 39. exf5 Rxf5 40. Re4
Qxf2+ 41. Kxf2 Rc7 42. Kg3 d5 43. Re5 Rxe5 44. Rxe5 dxc4 45. bxc4 a4 46. f5 b3
47. axb3 axb3 48. Rd5 Kg7 49. f6+ Kf7 50. Rd2 Rb7 51. Rb2 Ke6 52. Kf4 Rb4 53.
Ke3 Bd1 54. Kd3 Bc2+ 55. Kc3 Rb8 {#R} 0-1

[Event "22nd Hampstead: Under 2200"]
[Site "London, England"]
[Date "2014.10.26"]
[Round "4"]
[White "Jain, Gautam"]
[Black "Ponting, Andrew"]
[Result "1-0"]
[WhiteElo "1735"]
[BlackElo "1891"]

1. e4 c5 2. Nc3 Nc6 3. f4 g6 4. Nf3 d6 5. Bc4 Bg7 6. d3 a6 7. Ng5 Nh6 8. O-O
O-O 9. f5 gxf5 10. exf5 Bd4+ 11. Kh1 Ne5 12. Qh5 Kg7 13. Ne6+ fxe6 14. Bxh6+
Kh8 15. Bxf8 Qxf8 16. fxe6 Qg8 17. Qh6 Ng4 18. Qf8 Bxe6 19. Qxg8+ Bxg8 20.
Bxg8 Rxg8 21. Nd1 Kg7 22. h3 Nf6 23. c3 Be5 24. Ne3 b5 25. Nf5+ Kf8 26. d4
{#r} 1-0

[Event "22nd Hampstead: Under 2200"]
[Site "London, England"]
[Date "2014.10.26"]
[Round "4"]
[White "Nayak, Raghav"]
[Black "Giles, Yasmin"]
[Result "0-1"]
[WhiteElo "1690"]
[BlackElo "1888"]

1. e4 c6 2. Nc3 d5 3. Nf3 Bg4 4. h3 Bxf3 5. Qxf3 e6 6. Be2 Nf6 7. d3 Nbd7 8.
g4 Bb4 9. O-O d4 10. Nb1 Bd6 11. Nd2 Nc5 12. Nb3 Nxb3 13. axb3 Nd7 14. Qg2 e5
15. Bd2 Qc7 16. c3 c5 17. cxd4 cxd4 18. Ba5 Qc6 19. Rfc1 Qb5 20. Rc2 Qxb3 21.
Rac1 O-O 22. g5 Nb8 23. h4 Nc6 24. Bd2 Qe6 25. Bg4 Qe7 26. h5 Rfe8 27. Bf5 g6
28. Kh1 Kg7 29. Rg1 Bb4 30. Bc1 Ba5 31. Qh3 Rh8 32. f3 Nb4 33. Bd2 Nxc2 34.
Bxa5 Ne3 35. Bd2 Nxf5 36. exf5 gxf5 37. Qxf5 Qe6 38. Qf6+ Qxf6 39. gxf6+ Kxf6
40. Bg5+ Ke6 41. f4 f6 42. Bh6 Rhg8 43. Re1 Rg4 44. fxe5 fxe5 45. Kh2 Rag8
{#R} 0-1

[Event "22nd Hampstead: Under 2200"]
[Site "London, England"]
[Date "2014.10.26"]
[Round "4"]
[White "Hinterreither, Nikolai"]
[Black "Huang, Dion"]
[Result "0-1"]
[WhiteElo "1652"]
[BlackElo "1844"]

1. e4 e5 2. Nf3 Nc6 3. d4 exd4 4. Bc4 Bc5 5. c3 Nf6 6. e5 d5 7. Bb5 Ne4 8.
cxd4 Bb4+ 9. Bd2 Nxd2 10. Nbxd2 O-O 11. O-O Bg4 12. Nb3 Na5 13. a3 Nxb3 14.
Qxb3 Ba5 15. Qe3 Bb6 16. b4 a5 17. Nd2 c6 18. Bd3 axb4 19. axb4 Qe7 20. Rxa8
Rxa8 21. h3 Bd7 22. Nf3 Ra4 23. Bc2 Rxb4 24. Qd3 g6 25. Ra1 Bf5 26. Qd2 Bxc2
27. Qxc2 Bxd4 28. Nxd4 Rxd4 29. Qb2 Qxe5 30. Qxb7 Qf6 31. Qc8+ Kg7 32. Ra8
Rd1+ 33. Kh2 Qf4+ 34. g3 Qxf2# 0-1

[Event "22nd Hampstead: Under 2200"]
[Site "London, England"]
[Date "2014.10.26"]
[Round "4"]
[White "Finnegan, Oliver"]
[Black "Vir, Prashast"]
[Result "0-1"]
[WhiteElo "1838"]
[BlackElo "1740"]

1. d4 Nf6 2. c4 g6 3. Nc3 Bg7 4. e4 d6 5. Nge2 O-O 6. Ng3 c6 7. h4 h5 8. Be2
Nbd7 9. Bg5 a6 10. Qd2 b5 11. Bh6 e5 12. d5 b4 13. Nd1 cxd5 14. cxd5 Nc5 15.
Bxg7 Kxg7 16. Qxb4 a5 17. Qa3 Ncxe4 18. Nxe4 Nxe4 19. g4 hxg4 20. h5 Rh8 21.
h6+ Rxh6 22. Rxh6 Kxh6 23. Qe3+ Ng5 24. Nc3 Kg7 25. O-O-O Nh3 26. Rh1 f5 27.
f3 f4 28. Qd2 Nf2 29. Rg1 g3 30. Ne4 Nh3 31. Rg2 Ng5 32. Nxg5 Qxg5 33. Qc3 Qe7
34. Bd3 Bh3 35. Rg1 Rc8 36. Bc4 Qa7 37. Re1 {#R} 0-1

[Event "22nd Hampstead: Under 2200"]
[Site "London, England"]
[Date "2014.10.26"]
[Round "4"]
[White "Wu, Haotian"]
[Black "Anbukumar, Hajane"]
[Result "0-1"]
[WhiteElo "1612"]
[BlackElo "1833"]

1. d4 f5 2. Bg5 g6 3. c4 Bg7 4. Nc3 Nf6 5. e3 c6 6. Nf3 Ne4 7. Bh4 d6 8. Bd3
Nxc3 9. bxc3 Nd7 10. O-O O-O 11. Qb3 Qe8 12. c5+ Kh8 13. Ng5 Nf6 14. e4 fxe4
15. Bc2 d5 16. f3 h6 17. Nh3 Bxh3 18. gxh3 g5 19. Bg3 Qd7 20. Kg2 e3 21. Rae1
Nh5 22. Rxe3 Nf4+ 23. Bxf4 gxf4 24. Re2 Bf6 25. Kh1 Rg8 26. Bb1 Qxh3 27. Rff2
Rg7 28. Qc2 Bh4 29. Qf5 Bxf2 30. Rxf2 Rag8 31. Qe5 Qh4 32. Rg2 Qf6 33. Qxf6
exf6 34. Rxg7 Rxg7 35. Bf5 b6 36. cxb6 axb6 37. Bc2 Kg8 38. Bb3 Kf8 39. c4
dxc4 40. Bxc4 Ke7 41. d5 c5 42. a4 Kd6 43. Bb3 Ke5 44. Ba2 Kd4 45. Bb3 c4 46.
Bc2 Kxd5 {#R} 0-1

[Event "22nd Hampstead: Under 2200"]
[Site "London, England"]
[Date "2014.10.26"]
[Round "4"]
[White "Willmoth, Harrison"]
[Black "Wright, Ashley"]
[Result "1-0"]
[WhiteElo "1570"]
[BlackElo "1802"]

1. e4 c6 2. d3 d5 3. Nd2 e6 4. f4 Bc5 5. Ngf3 Nf6 6. h3 Nh5 7. d4 Bb6 8. e5
Ng3 9. Rg1 Nxf1 10. Rxf1 c5 11. Nb3 c4 12. Nbd2 Nc6 13. c3 f6 14. Kf2 O-O 15.
Kg1 fxe5 16. Nxe5 Qf6 17. Kh1 Bc7 18. Ndf3 Bxe5 19. Nxe5 Nxe5 20. dxe5 Qg6 21.
Be3 b5 22. a3 Bb7 23. Qd2 a6 24. Bc5 Rf7 25. Qd4 Rc8 26. Bd6 h5 27. Rad1 Rd8
28. Bc5 Rdd7 29. Rf2 Rf5 30. Rdf1 Rdf7 31. Bd6 h4 32. Bc5 Qh6 33. Bd6 Qh5 34.
Qd2 g6 35. Bb4 Rg7 36. Bd6 Qh7 37. Kh2 Rgf7 38. Kg1 Qg7 39. Bc5 Rc7 40. Bd4
Rcf7 41. Kh1 Qh6 42. Kh2 Qh7 43. Kg1 Qh6 44. Bb6 Qh7 45. Bd8 Qh5 46. Bg5 Rd7
47. Qd4 Kg7 48. Bf6+ Kf7 49. Bg5 Qh7 50. Rd1 Kg8 51. Qe3 Qh5 52. Rd4 Rdf7 53.
Qe2 Qh7 54. Qg4 Qg7 55. Re2 Rxg5 56. Qxg5 Rf5 57. Qd8+ Kh7 58. Qxh4+ Kg8 59.
Qg4 Bc8 60. Re3 Bd7 61. Rg3 Be8 62. h4 Kf8 63. h5 Rxh5 64. Qxh5 gxh5 65. Rxg7
Kxg7 66. Kf2 Bg6 67. Rd1 Bf5 68. Rh1 Kg6 69. Rh4 Kh6 70. g3 Kg6 71. Ke3 Bg4
72. Kd4 Kf5 73. Ke3 Kg6 74. a4 Bd1 75. axb5 axb5 76. Rh1 Ba4 77. Rf1 Kf5 78.
Rh1 Kg6 79. Rh4 Bd1 80. Rh1 Ba4 81. Kf3 Bc2 82. Re1 Kf5 83. Ra1 Ba4 84. Rh1
Kg6 85. g4 hxg4+ 86. Kxg4 Bc2 87. Rg1 Be4 88. Ra1 Bf5+ 89. Kg3 Bc2 90. Ra6 Kf7
91. Kg4 Bf5+ 92. Kg5 Be4 93. Rb6 Ke7 94. Rxb5 Kd7 95. Kf6 Bf5 96. Rb6 Bh3 97.
Rd6+ Ke8 98. Rxe6+ Kf8 99. Rd6 Bg2 100. Rd8# 1-0

[Event "22nd Hampstead: Under 2200"]
[Site "London, England"]
[Date "2014.10.26"]
[Round "4"]
[White "Seman, Myroslav"]
[Black "Rubeck, Jonathan"]
[Result "0-1"]
[WhiteElo "1479"]
[BlackElo "1800"]

1. d4 Nf6 2. c4 c5 3. Nc3 cxd4 4. Qxd4 g6 5. Nf3 Bg7 6. a3 O-O 7. e3 d6 8. Be2
Nbd7 9. O-O b6 10. b4 Bb7 11. Bb2 Rc8 12. Qd2 Bxf3 13. gxf3 Ne5 14. Qd4 Rxc4
15. Qd1 Rh4 16. Kh1 Qa8 17. Kg1 Qc8 18. Kh1 Qh3 {#R} 0-1